00904nam a2200229 a 450000500170000000800410001704000250005804100080008304400070009109000130009810000380011124501570014926000750030630000110038165000300039265000310042265000130045366200190046694200130048599900150049895201610051320191224041603.0140227b1998 ck |||||rm||| 00| 0 spa d aCO-BoIAVHcCO-BoIAVH aspa ack aTEb0089 aSánchez Dueñas, Iván Manuel aContribución al conocimiento de la ecología de Callicebus cupreus ornatus Gray, 1870 (primates: Cebidae), en bosques fragmentados del Meta, Colombia aBogotábUniversidad Nacional de Colombia. Faculdad de Cienciasc1998 a104 p. aEcología de poblaciones aFragmentación de bosques aPrimates aColombiabMeta cTESIS2z c1447d1447 00102z40708TESISIINV2017aBogotabBogotad1999-09-01eChaves, María Elfil0oTE-0089p001997r2012-12-04 00:00:00tEj. 1w2012-12-04xDonacionyTESIS